000 00613nam a2200193 i 4500
001 86509
003 ES-MaACL
005 20250831023625.0
007 t|
008 041213s1965 sp a |||| | spa d
100 1 _aKittel, Charles.
_968165
245 1 0 _aIntroducción a la física del estado sólido /
_cCharles Kittel ; [versión J. Aguilar Peris].
260 _aBarcelona, etc. :
_bReverté,
_c1965.
300 _aVIII, 613 p. :
_bil. ;
_c22 cm.
650 7 _aFísica del estado sólido
_2embne
_9161238
700 1 _aAguilar Peris, José.
_918743
852 _aES-MaACL
_jC-27421
999 _c86509
_d86509